00600nam a22001577a 4500003000900000005001700009008004100026040001300067100002400080245005300104260003700157300001000194490006300204500002000267520015500287IT-RoPau20220918181219.0140402b xxu||||| |||| 00| 0 eng d cIT-RoPau aFiglie di San Paolo aVita Paolina nella provincia italiana - fsp 1995 aRomabCasa Provinciale FSPc1995 c24 cm aVita PaolinavMaggio 1995 (Speciale), Settembre, Dicembre) aPro manuscripto aIndice generale Maggio 1995 - Pp. 38 (Speciale) - (4 copie) 1° Vol Settembre 1995 - Pp. 42 - (2 copie) 2° Vol. Dicembre 1995 - Pp. 42 - (3 copie)